000 01424nab a22002417a 4500
999 _c6545
_d6545
003 OSt
005 20260223133544.0
008 190506c xxu||||| |||| 00| 0 spa d
040 _cPJ
100 _95708
_aGarcía, Nadia
245 1 3 _a¿Retiro transitorio por invalidez y cese definitivo? :
_balgunas reflexiones sobre la necesidad de armonizar el art. 212 de la LCT con el art. 49 de la ley 24.241 /
_cNadia García.
260 _aBuenos Aires :
_bAbeledoPerrot,
_c2024.
300 _ap. 3-11
500 _aCita: TR LALEY AR/DOC/838/2024.
505 _aSumario: I. Introducción.— II. El Retiro por Invalidez: Requisitos.— III. El porcentaje de incapacidad exigido para el retiro por invalidez.— IV. La indemnización del art. 212 de la LCT y su naturaleza jurídica.— V. El porcentaje de incapacidad en el fuero Federal de la Seguridad Social y su impacto en la Justicia Nacional del Trabajo.— VI. Transitoriedad del retiro por invalidez vs. Cese definitivo laboral.— VII. Conclusiones.
505 _t¿Te interesa el texto completo? Comunicate al correo: koha@justierradelfuego.gov.ar
650 0 _91395
_aSEGURIDAD SOCIAL
650 0 _92154
_aJUBILACIONES
650 0 _94695
_aSITUACIÓN DE VULNERABILIDAD
650 0 _95726
_aJUBILACIÓN POR INVALIDEZ
773 0 _02751
_93202
_dBuenos Aires : AbeledoPerrot, 2013-
_tRevista de derecho laboral y seguridad social. Nº 10 - Mayo 2024
942 _2udc
_cANA